The art of negotiation (Record no. 5086)
[ view plain ]
| 000 -CABECERA | |
|---|---|
| campo de control de longitud fija | 01893nam a22001817a 4500 |
| 008 - DATOS DE LONGITUD FIJA--INFORMACIÓN GENERAL | |
| campo de control de longitud fija | 251022b |||||||| |||| 00| 0 eng d |
| 020 ## - NÚMERO INTERNACIONAL ESTÁNDAR DEL LIBRO | |
| Número Internacional Estándar del Libro | 9781839528323 |
| 040 ## - FUENTE DE LA CATALOGACIÓN | |
| Centro/agencia transcriptor | tbs |
| 041 ## - CÓDIGO DE LENGUA | |
| Código de lengua del texto/banda sonora o título independiente | eng |
| 100 ## - ENTRADA PRINCIPAL--NOMBRE DE PERSONA | |
| Nombre de persona | Winschberg, Adam |
| 9 (RLIN) | 26271 |
| Término indicativo de función/relación | author |
| 245 ## - MENCIÓN DE TÍTULO | |
| Título | The art of negotiation |
| Resto del título | : navigating the realms of business and the mind |
| Mención de responsabilidad, etc. | / Adam Winschberg. |
| 260 ## - PUBLICACIÓN, DISTRIBUCIÓN, ETC. | |
| Lugar de publicación, distribución, etc. | Bath : |
| Nombre del editor, distribuidor, etc. | Brown Dog Books, |
| Fecha de publicación, distribución, etc. | 2024. |
| 300 ## - DESCRIPCIÓN FÍSICA | |
| Extensión | 326 pages ; |
| Dimensiones | 25 cm. |
| 520 ## - SUMARIO, ETC. | |
| Sumario, etc. | Are you looking to master the art of negotiation in both your personal and professional life?<br/><br/>The Art of Negotiation by Adam Winschberg is your ultimate guide to achieving win-win outcomes.<br/><br/>Packed with timeless strategies and proven techniques, this comprehensive book shares powerful stratagem methods used by some of history's most successful individuals. Adam Winschberg draws on decades of hands-on experience and valuable insights to present a clear, practical approach to negotiation.<br/><br/>This book will help you improve your mental resilience while equipping you with the skills to effectively navigate challenging discussions and achieve your desired results.<br/><br/>Whether you’re negotiating in business, dealing with personal matters, or even negotiating with yourself, The Art of Negotiation offers tools to enhance your strategies and boost your confidence. Inside, you’ll learn to:Recognize and apply key negotiation techniques for different situationsDevelop strategies tailored to your strengths and negotiation styleUse negotiation as a tool for achieving better mental health and well-beingIf you're ready to transform your life and become a negotiation expert, dive into The Art of Negotiation today.<br/><br/>With this essential guide, you'll gain knowledge and experience that sets you apart, giving you a competitive edge in any negotiation. |
| 650 #0 - PUNTO DE ACCESO ADICIONAL DE MATERIA--TÉRMINO DE MATERIA | |
| Término de materia o nombre geográfico como elemento de entrada | Negotiation |
| 9 (RLIN) | 63 |
| 650 #0 - PUNTO DE ACCESO ADICIONAL DE MATERIA--TÉRMINO DE MATERIA | |
| Término de materia o nombre geográfico como elemento de entrada | Negotiation in business |
| 9 (RLIN) | 27 |
| 942 ## - ELEMENTOS DE ENTRADA AGREGADA (KOHA) | |
| Fuente del sistema de clasificación o colocación | Clasificación de Library of Congress |
| Estado de retiro | Estado de pérdida | Fuente del sistema de clasificación o colocación | Estado dañado | No para préstamo | Biblioteca de origen | Biblioteca actual | Fecha de adquisición | Total de préstamos | Signatura topográfica completa | Código de barras | Fecha visto por última vez | Número de copia | Precio válido a partir de | Tipo de ítem Koha |
|---|---|---|---|---|---|---|---|---|---|---|---|---|---|---|
| Clasificación de Library of Congress | TBS Barcelona | TBS Barcelona | 22/10/2025 | HD58.6 WIN | B05712 | 22/10/2025 | 1 | 22/10/2025 | Book |

